| 000 | 00000nam##2200000za#4500 |
| 001 | 9.685029 |
| 003 | CaOODSP |
| 005 | 20210615134602 |
| 007 | ta |
| 008 | 150407|2010||||xxc||||| f|0| 0 fre|d |
| 040 | |aCaOODSP|bfre |
| 043 | |an-cn--- |
| 086 | 1 |aIu86-19/2010F |
| 110 | 1 |aCanada.|bIndustrie Canada. |bCommission canadienne du tourisme. |
| 245 | 10|aExpériences : |bune boîte à outils pour les partenaires de la Commission canadienne du tourisme |
| 250 | |aVersion 1.5. |
| 260 | |aVancouver - Colombie Britannique : |bIndustrie Canada. |cAvril 2010. |
| 300 | |a48p. : |bcartes en couleur, tableaux, photographies ; |c22 cm. |
| 500 | |aLe n° de catalogue (Iu86-19/2008F) et ISBN (978-0-662-08046-6) d’une édition précédente sont imprimés dans cette édition. |
| 520 | 3 |aProcure aux voyagistes, petites et moyennes entreprises et associations touristiques du Canada – bref, à vous tous – des outils et des ressources pratiques afin de vous aider à aligner vos efforts de marketing sur l’approche dynamique à l’échelle internationale de la CCT. |
| 563 | |aPolycopié |
| 590 | |a10-27|b2010-07-09 |
| 590 | |a10-28|b2010-07-16 |
| 691 | 07|aTourisme|2gcpds |
| 775 | 08|tExperiences : |w(CaOODSP)9.652039 |
| 776 | 0#|tExpériences : |w(CaOODSP)9.637836 |